El proyecto educativo autoritario (Registro nro. 3965)

Detalles MARC
000 -LEADER
fixed length control field 01150 a2200277 4500
001 - CONTROL NUMBER
control field 45554
005 - DATE AND TIME OF LATEST TRANSACTION
control field 20260407155728.0
008 - FIXED-LENGTH DATA ELEMENTS--GENERAL INFORMATION
fixed length control field 260407a1987 arg spa d
003 - CONTROL NUMBER IDENTIFIER
control field AR-UNSa-BCEJYS
040 ## - CATALOGING SOURCE
Original cataloging agency AR-UNSa-BCEJYS
Language of cataloging spa
Transcribing agency AR-UNSa-BCEJYS
080 ## - UNIVERSAL DECIMAL CLASSIFICATION NUMBER
Universal Decimal Classification number 37
Common auxiliary subdivision Educación. Enseñanza. Formación
020 ## - INTERNATIONAL STANDARD BOOK NUMBER
International Standard Book Number 950-9467-50-2
041 ## - LANGUAGE CODE
Language code of text/sound track or separate title spa
100 1# - MAIN ENTRY--PERSONAL NAME
Personal name Braslavsky, Cecilia
245 10 - TITLE STATEMENT
Title El proyecto educativo autoritario
Name of part/section of a work Argentina 1976-1982
250 ## - EDITION STATEMENT
Edition statement 2a. ed.
264 #1 - PRODUCTION, PUBLICATION, DISTRIBUTION, MANUFACTURE, AND COPYRIGHT NOTICE
Place of production, publication, distribution, manufacture Buenos Aires :
Name of producer, publisher, distributor, manufacturer Miño y Dávila
Date of production, publication, distribution, manufacture, or copyright notice 1987
300 ## - PHYSICAL DESCRIPTION
Extent 304 p.
Dimensions 23 cm.
505 ## - FORMATTED CONTENTS NOTE
Formatted contents note 1. Introducción – 2. Elementos para una sociología del currículum escolar en Argentina / Juan C. Tedesco – 3. Estado, burocracia y políticas educativas / Cecilia Braslavsky – 4. Educación y aparato productivo en la Argentina /Ricardo Carciofi - <br/><br/>
590 ## - LOCAL NOTE (RLIN)
Local note niveau_biblio:m niveau_hierar:0
700 1# - ADDED ENTRY--PERSONAL NAME
Personal name Tedesco, Juan Carlos
700 1# - ADDED ENTRY--PERSONAL NAME
Personal name Carciofi, Ricardo
700 1# - ADDED ENTRY--PERSONAL NAME
Personal name Facultad Latinoamericana de Ciencias Sociales (FLACSO)
856 41 - ELECTRONIC LOCATION AND ACCESS
Uniform Resource Identifier <a href="https://www.biblioeco.unsa.edu.ar/pmb/images/libros/L127137.jpg">https://www.biblioeco.unsa.edu.ar/pmb/images/libros/L127137.jpg</a>
Link text Imagen de portada
Electronic format type image/jpeg
942 ## - ADDED ENTRY ELEMENTS (KOHA)
Koha item type
Existencias
Withdrawn status Lost status Damaged status Not for loan Home library Current library Shelving location Date acquired Total checkouts Full call number Barcode Date last seen Price effective from Koha item type
        Biblioteca Prof. Eusebio Cleto del Rey Biblioteca Prof. Eusebio Cleto del Rey   07/04/2026   37 T256 L127137 07/04/2026 07/04/2026 Libro